000 00953cam a2200169 4500500
005 20260111053237.0
041 _afre
042 _adc
100 1 0 _aHowes, Thomas
_eauthor
700 1 0 _aGautier, Benoît
_eauthor
245 0 0 _aCatholic post-liberalism: Trumpism’s dark ally
260 _c2025.
500 _a50
520 _aIn our May 2025 issue, we interviewed James Patterson about the historical legacy of contemporary American Catholic post-liberals. We now turn to the co-author of his book, Thomas Howes, to explore the doctrinal and spiritual side of the post-liberal phenomenon shaping the Catholic cadres and ideologues within the Trumpist movement. How do political aspirations, civic virtues, and visions of salvation intersect within post-liberal Catholicism?
786 0 _nÉtudes | 4331 | 11 | 2025-11-03 | p. 7-16 | 0014-1941
856 4 1 _uhttps://shs.cairn.info/journal-etudes-2025-11-page-7?lang=en&redirect-ssocas=7080
999 _c1613728
_d1613728